000 01188cam a2200301 a 4500
001 3962740
003 ARRUPE
005 20211015103914.0
008 941222m19951996nyua b 001 0 eng
010 _a 94047030
020 _a0820426725 (v. 1 : alk. paper)
020 _a0820426997 (v. 2)
040 _aDLC
_cDLC
_dDLC
050 0 0 _aQ174.8
_b.S335 1995
082 0 0 _a509
_220
100 1 _aSchlagel, Richard H.,
_d1925-
_919783
245 1 0 _aFrom myth to modern mind :
_ba study of the origins and growth of scientific thought /
_cRichard H. Schlagel.
260 _aNew York :
_bP. Lang,
_cc1995-c1996.
300 _a2 v. :
_bill. ;
_c23 cm.
440 0 _aAmerican university studies.
_nSeries V,
_pPhilosophy,
_x0739-6392 ;
_vv. 170-171
_950316
504 _aIncludes bibliographical references and indexes.
505 0 _av. 1. Theogony through Ptolemy -- v. 2. Copernicus through quantum mechanics.
650 0 _aScience
_xPhilosophy
_xHistory.
_9867
650 0 _aScience
_xHistory.
906 _a7
_bcbc
_corignew
_d1
_eocip
_f19
_gy-gencatlg
942 _2lcc
_cMONOGRAPH
999 _c130892
_d130892